| 000 | 00365 a2200169 4500 | ||
|---|---|---|---|
| 001 | 177264 | ||
| 020 | _a85-11-01082-3 | ||
| 040 | _cMagnum | ||
| 100 | _aKubrusly, Cláudio Araújo | ||
| 240 | 1 | 0 |
_aO que é fotografia _lpor |
| 245 | 1 | 0 | _aO que é fotografia |
| 300 | _a109 | ||
| 362 | 0 | _a1998 | |
| 440 | 1 | _aBrasiliense | |
| 697 | _aFOTOGRAFIAS | ||
| 942 | _cBK | ||
| 999 |
_c177264 _d177264 |
||